000 01680cam a22004574i 4500
003 PE-LiUPU
005 20250731173436.0
008 150616s1971 sp rb 000 0 spa d
035 _a(Sirsi) a5519
040 _aPE-LiUPU
_bspa
_cPE-LiUPU
_erda
049 _aPRUA
082 0 4 _a270.6
_bA85
_221
100 1 _aAtkinson, James,
_eautor.
245 1 0 _aLutero y el Nacimiento del ProtestantismoJames Atkinson.
264 1 _aMadrid :
_bAlianza Editorial,
_c1971.
300 _a406 p ;
_c18 centímetros
336 _atext
_2rdacontent
337 _aunmediated
_2rdamedia
338 _avolume
_2rdacarrier
504 _aIncluye Bibliografía al final.
505 0 _aInfancia y Juventud de Lutero -- Fraile y Profesor -- La gran prueba -- Las consecuencias de la reforma -- La guerra del campesinado hasta la paz religiosa de Nuremberg(1525-32) -- Evolución política y eclesiástica.
526 _aSEG42
526 _aSEG41
526 _aSEG40
526 _aSEG39
526 _aP94
526 _aP87
526 _aP86
526 _aP85
526 _aP77
526 _aP76
526 _aP35
650 0 4 _aLutero, Martín, 1483-1546 - Estudio.
910 _ajck
_bjvq
_cjck
942 _2ddc
_cBOOK
949 _a270.6 A85
_wDEWEY
_c1
_i39546
_lCCODEBUL1
_mBUL
_p00.00
_r0
_sY
_tBOOK
_u19950910
_xTEOLOGIA
_zUNKNOWN
_0COMPRA
_o.STAFF. Colección General
994 _aC0
_bPEPRU
596 _a1
999 _a270.6 A85
_wDEWEY
_c56556
_i39546
_d56556
_e2018-10-30
_f2021-11-11
_g5
_lCCODEBUL1
_mBUL
_n5
_p0.22
_q5
_r0
_sY
_tBOOK
_u2015-6-16
_xTEOLOGIA
_zUNKNOWN
_0COMPRA
_o.STAFF. Colección Teología
980 _81
_gALBERTO SANCHEZ Responsable de Automatización